000 00230cam a22000977a 4500
008 180718b xxu||||| |||| 00| 0 eng d
082 _aLx54 T331 c.6
100 _aThavaraj, M.J.K.
245 _aFinancial administration
260 _a
_b
_c
999 _c335957
_d335957